Grandi della chitarra (I) (Record n. 99981)
[ formato base ]
| 000 -LEADER | |
|---|---|
| fixed length control field | 04237njm a2200637Ia 4500 |
| 001 - CONTROL NUMBER | |
| control field | 25675 |
| 003 - CONTROL NUMBER IDENTIFIER | |
| control field | IT-RoPAU |
| 005 - DATE AND TIME OF LATEST TRANSACTION | |
| control field | 20220918181123.0 |
| 008 - FIXED-LENGTH DATA ELEMENTS--GENERAL INFORMATION | |
| fixed length control field | 131025s9999 xx 000 0 und d |
| 040 ## - CATALOGING SOURCE | |
| Original cataloging agency | IT-RoPAU |
| 040 ## - CATALOGING SOURCE | |
| Transcribing agency | IT-RoPAU |
| 999 ## - SYSTEM CONTROL NUMBERS (KOHA) | |
| Koha Dewey Subclass [OBSOLETE] | n.d. |
| 100 ## - MAIN ENTRY--PERSONAL NAME | |
| Personal name | AA.VV. |
| 9 (RLIN) | 794 |
| 100 ## - MAIN ENTRY--PERSONAL NAME | |
| Relator term | Autore musica |
| 9 (RLIN) | 13448 |
| 100 ## - MAIN ENTRY--PERSONAL NAME | |
| Miscellaneous information | Codice autore musica SPICS: 12000 |
| 9 (RLIN) | 796 |
| 245 ## - TITLE STATEMENT | |
| Title | Grandi della chitarra (I) |
| 250 ## - EDITION STATEMENT | |
| Edition statement | 2a ed. |
| 260 ## - PUBLICATION, DISTRIBUTION, ETC. (IMPRINT) | |
| Place of publication, distribution, etc. | MILANO |
| 260 ## - PUBLICATION, DISTRIBUTION, ETC. (IMPRINT) | |
| Name of publisher, distributor, etc. | MUSICA JAZZ |
| Date of publication, distribution, etc. | 1982 [1a Ed.:] |
| 300 ## - PHYSICAL DESCRIPTION | |
| Extent | DISCO |
| 300 ## - PHYSICAL DESCRIPTION | |
| Dimensions | 44 minuti (Testo: pag.) |
| 500 ## - GENERAL NOTE | |
| General note | Disco fuori commercio allegato al n. 1 di "Musica Jazz". Evoluzione stilistica della chitarra nel jazz. Blues vocale. |
| 505 ## - FORMATTED CONTENTS NOTE | |
| Formatted contents note | The Risin' Sun [(New York, 15 novembre 1928) (Alexander Texas) (4:00)] - Guitar Blues [(New York, 7 maggio 1929) (Lang Eddie) (4:00)] - Church Street Sobbin' Blues [(New York, 5 novembre 1928) (Lang Eddie) (4:00)] - Them There Eyes (3:00) - Appel Direct [(Parigi, 14 giugno 1938) (3:00)] - Rose Room [(New York, 2 ottobre 1939) (Goodman Benny) (3:00)] - Solo Flight [(New York, 4 febbraio 1941) (Goodman Benny) (3:00)] - Rebecca [(New York, 7 aprile 1950) (Bauer Billy) (4:00)] - Why Was I Born [(Hackensack, 7 marzo 1958) (Burrell Kenny) (4:00)] - Airegin [(New York, 26 gennaio 1960) (Montgomery Wes) (5:00)] - Ela me Deixou-She Has Gone [(New York, 28 settembre 1962) (Byrd Charlie) (3:00)] - Will You Still Be Mine? [(New York, 1 maggio 1964) (Benson George) (5:00)] - St. Thomas [(New York, 4 agosto 1972) (Hall Jim) (5:00)] |
| 511 ## - PARTICIPANT OR PERFORMER NOTE | |
| Participant or performer note | Alexander Texas: Voc, Lang Eddie: Chit, Johnson Lonnie: Chit |
| 511 ## - PARTICIPANT OR PERFORMER NOTE | |
| Participant or performer note | Lang Eddie: Chit Acc. da Signorelli Frank: P |
| 511 ## - PARTICIPANT OR PERFORMER NOTE | |
| Participant or performer note | Quintette du Hot Club de France |
| 511 ## - PARTICIPANT OR PERFORMER NOTE | |
| Participant or performer note | Benny Goodman Sextet |
| 511 ## - PARTICIPANT OR PERFORMER NOTE | |
| Participant or performer note | Benny Goodman and his Orchestra |
| 511 ## - PARTICIPANT OR PERFORMER NOTE | |
| Participant or performer note | Bauer Billy: Chit, Konitz Lee: Alto |
| 511 ## - PARTICIPANT OR PERFORMER NOTE | |
| Participant or performer note | Burrell Kenny: Chit, Coltrane John: Ten |
| 511 ## - PARTICIPANT OR PERFORMER NOTE | |
| Participant or performer note | Hall Jim: Chit, Carter Ron: Cb |
| 650 ## - SUBJECT ADDED ENTRY--TOPICAL TERM | |
| Topical term or geographic name as entry element | JAZZ [DISCHI] |
| Relator term | Codice MATERIA SPICS: 9950 |
| 9 (RLIN) | 13449 |
| 700 ## - ADDED ENTRY--PERSONAL NAME | |
| Personal name | Alexander Texas |
| Dates associated with a name | Codice autore musica SPICS: 16171 |
| Relator term | Autore musica |
| Name of part/section of a work | The Risin' Sun |
| 9 (RLIN) | 13450 |
| 700 ## - ADDED ENTRY--PERSONAL NAME | |
| Personal name | Johnson Lonnie |
| Dates associated with a name | Codice autore musica SPICS: 16173 |
| Relator term | Autore musica |
| Name of part/section of a work | Guitar Blues |
| 9 (RLIN) | 13451 |
| 700 ## - ADDED ENTRY--PERSONAL NAME | |
| Personal name | Lang Eddie |
| Dates associated with a name | Codice autore SPICS: 16172 |
| Relator term | Autore |
| Name of part/section of a work | Guitar Blues |
| 9 (RLIN) | 13452 |
| 700 ## - ADDED ENTRY--PERSONAL NAME | |
| Personal name | Crawley Lada |
| Dates associated with a name | Codice autore musica SPICS: 27777 |
| Relator term | Autore musica |
| Name of part/section of a work | Church Street Sobbin' Blues |
| 9 (RLIN) | 13453 |
| 700 ## - ADDED ENTRY--PERSONAL NAME | |
| Personal name | Hunez |
| Dates associated with a name | Codice autore SPICS: 27778 |
| Relator term | Autore |
| Name of part/section of a work | Church Street Sobbin' Blues |
| 9 (RLIN) | 13454 |
| 700 ## - ADDED ENTRY--PERSONAL NAME | |
| Personal name | Pinkard Maceo |
| Dates associated with a name | Codice autore musica SPICS: 16174 |
| Relator term | Autore musica |
| Name of part/section of a work | Them There Eyes |
| 9 (RLIN) | 13455 |
| 700 ## - ADDED ENTRY--PERSONAL NAME | |
| Personal name | Tracey William |
| Dates associated with a name | Codice autore SPICS: 20296 |
| Relator term | Autore |
| Name of part/section of a work | Them There Eyes |
| 9 (RLIN) | 13456 |
| 700 ## - ADDED ENTRY--PERSONAL NAME | |
| Personal name | Tauber Doris |
| Dates associated with a name | Codice autore testo/musica SPICS: 20857 |
| Relator term | Autore testo/musica |
| Name of part/section of a work | Them There Eyes |
| 9 (RLIN) | 13457 |
| 700 ## - ADDED ENTRY--PERSONAL NAME | |
| Personal name | Reinhardt Django |
| Dates associated with a name | Codice autore musica SPICS: 16176 |
| Relator term | Autore musica |
| Name of part/section of a work | Appel Direct |
| 9 (RLIN) | 13458 |
| 700 ## - ADDED ENTRY--PERSONAL NAME | |
| Personal name | Grappelli Stephane |
| Dates associated with a name | Codice autore SPICS: 16178 |
| Relator term | Autore |
| Name of part/section of a work | Appel Direct |
| 9 (RLIN) | 13459 |
| 700 ## - ADDED ENTRY--PERSONAL NAME | |
| Personal name | Williams |
| Dates associated with a name | Codice autore musica SPICS: 20150 |
| Relator term | Autore musica |
| Name of part/section of a work | Rose Room |
| 9 (RLIN) | 13460 |
| 700 ## - ADDED ENTRY--PERSONAL NAME | |
| Personal name | Hickman |
| Dates associated with a name | Codice autore SPICS: 20925 |
| Relator term | Autore |
| Name of part/section of a work | Rose Room |
| 9 (RLIN) | 13461 |
| 700 ## - ADDED ENTRY--PERSONAL NAME | |
| Personal name | Christian |
| Dates associated with a name | Codice autore musica SPICS: 10823 |
| Relator term | Autore musica |
| Name of part/section of a work | Solo Flight |
| 9 (RLIN) | 13462 |
| 700 ## - ADDED ENTRY--PERSONAL NAME | |
| Personal name | Goodman Benny |
| Dates associated with a name | Codice autore SPICS: 10538 |
| Relator term | Autore |
| Name of part/section of a work | Solo Flight |
| 9 (RLIN) | 13463 |
| 700 ## - ADDED ENTRY--PERSONAL NAME | |
| Personal name | Mundy |
| Dates associated with a name | Codice autore testo/musica SPICS: 20407 |
| Relator term | Autore testo/musica |
| Name of part/section of a work | Solo Flight |
| 9 (RLIN) | 13464 |
| 700 ## - ADDED ENTRY--PERSONAL NAME | |
| Personal name | Konitz Lee |
| Dates associated with a name | Codice autore musica SPICS: 11301 |
| Relator term | Autore musica |
| Name of part/section of a work | Rebecca |
| 9 (RLIN) | 13465 |
| 700 ## - ADDED ENTRY--PERSONAL NAME | |
| Personal name | Kern Jerome |
| Dates associated with a name | Codice autore musica SPICS: 10779 |
| Relator term | Autore musica |
| Name of part/section of a work | Why Was I Born |
| 9 (RLIN) | 13466 |
| 700 ## - ADDED ENTRY--PERSONAL NAME | |
| Personal name | Hammerstein Oscar |
| Dates associated with a name | Codice autore SPICS: 15701 |
| Relator term | Autore |
| Name of part/section of a work | Why Was I Born |
| 9 (RLIN) | 13467 |
| 700 ## - ADDED ENTRY--PERSONAL NAME | |
| Personal name | Rollins Sonny |
| Dates associated with a name | Codice autore musica SPICS: 16190 |
| Relator term | Autore musica |
| Name of part/section of a work | Airegin - St. Thomas |
| 9 (RLIN) | 13468 |
| 700 ## - ADDED ENTRY--PERSONAL NAME | |
| Personal name | Byrd Charlie |
| Dates associated with a name | Codice autore musica SPICS: 16183 |
| Relator term | Autore musica |
| Name of part/section of a work | Ela me Deixou-She Has Gone |
| 9 (RLIN) | 13469 |
| 700 ## - ADDED ENTRY--PERSONAL NAME | |
| Personal name | Dennis Matt |
| Dates associated with a name | Codice autore musica SPICS: 23712 |
| Relator term | Autore musica |
| Name of part/section of a work | Will You Still Be Mine? |
| 9 (RLIN) | 13470 |
| 700 ## - ADDED ENTRY--PERSONAL NAME | |
| Personal name | Adair Solange |
| Dates associated with a name | Codice autore SPICS: 5750 |
| Relator term | Autore |
| Name of part/section of a work | Will You Still Be Mine? |
| 9 (RLIN) | 13471 |
| 942 ## - ADDED ENTRY ELEMENTS (KOHA) | |
| Koha item type | DISCHI |
| Source of classification or shelving scheme | Dewey Decimal Classification |
| Withdrawn status | Lost status | Damaged status | Not for loan | Home library | Current library | Date acquired | Total Checkouts | Full call number | Date last seen | Price effective from | Koha item type | Public note |
|---|---|---|---|---|---|---|---|---|---|---|---|---|
| Buone Condizioni | Not For Loan | SPICS-MEDIATECA | SPICS-MEDIATECA | 25/10/2013 | 25675 | 25/10/2013 | 25/10/2013 | DISCHI | Progr. Ins.: 5549 / N.Vol.: 1 / Copie: 1 - Copia rara: n.d. / date import: 01.01.2014 - By Epidotti, Trombetti, Vaglietti |